000 02252nam a2200433Ic 4500
001 59500
003 CO-BoRNBP
005 20251021213155.0
007 ta
008 210812r20162022ck ao er 001 0dspa d
020 _a9584251384
020 _a9789584251381
040 _aCO-BoRNBP
_bspa
_erda
_cCO-BoRNBP
041 1 _aspa
_heng
082 0 4 _a530.01
_bH18u
_222
100 _aHawking Stephen William
_d1942-2018
_eaut
_964978
245 1 3 _aEl universo en una cáscara de nuez /
_cStephen Hawking ; traducción de David Jou i Mirabet.
250 _aPrimera edición, Sexta edición. Séptima edición
264 1 _aBogotá, Colombia :
_bCrítica,
_c2022
300 _a246 páginas :
_bilustraciones, fotografías a blanco y negro
336 _atexto
_btxt
_2rdacontent
337 _asin mediación
_bn
_2rdamedia
338 _avolumen
_bnc
_2rdacarrier
490 _aBooket ciencia
_v54
500 _aEl material correspondiente a la dotación PNLB 2022, la fecha de edición es 2022
500 _aIncluye índice onomástico al final del texto
505 0 _a1. Breve historia de la relatividad -- 2. La forma del tiempo -- 3. El universo en una máscara de nuez -- 4. Prediciendo el futuro -- 5. Protegiendo el pasado -- 6. ¿Será nuestro futuro como Star Trek o no? -- 7. Los nuevos universos membrana
520 _aEl universo en una cascara de nuez es imprescindible para cuantos deseamos comprender el universo en que vivimos. Como ya sucedió con Historia del tiempo, este libro de Hawking nos ilumina y nos conmueve porque a través de su lectura experimentamos también nosotros la misma emoción que embarga a la comunidad científica a medida que va arrancando al cosmos sus secretos
521 _aRecomendado para un público adulto
534 _tThe universe in a nutshell
545 _aIncluye datos biográficos del autor al inicio y en contra caratula del texto
600 0 _aHawking Stephen William
_d1942-2018
_tEl universo en una cáscara de nuez
_xCritica e interpretación
_965757
650 0 7 _aEspacio y tiempo
_2lemb
_927113
650 0 7 _aRelatividad (física)
_2lemb
_97241
650 0 7 _aTeoría cuántica
_2lemb
_965758
650 0 7 _aFísica
_2LEMB
_910460
700 _aJou, David
_etrl
_965759
942 _2ddc
_cBK
999 _c59500
_d59500